00650nam a2200193Ia 4500003000900000008004100009040001300050040001300063041000800076100001800084245009100102250001100193260001200204260000900216300001000225490003400235490000600269600018100275IT-RoPAU120407s9999 xx 000 0 und d aIT-RoPAU cIT-RoPAU aita aEugenio Garin aStoria della filosofia italiana. Terza edizione con una nuova appendice bibliografica. aTorino aEinaudi c1978 c18 cm aPiccola biblioteca einaudi,80 v3 a" 1° v. Medioevo e Umanesimo. XVI, 495 p. 2° v. Il rinascimento e controriforma. 496 - 954 p. 3° v. L’Illuminismo e il Risorgimento. 955-1496 p"